Industrial Economics and Management / (Record no. 534853)

000 -LEADER
fixed length control field 00405nam a22001457a 4500
020 ## - INTERNATIONAL STANDARD BOOK NUMBER
International Standard Book Number 9788174733450
082 ## - DEWEY DECIMAL CLASSIFICATION NUMBER
Classification number 658.15
100 ## - MAIN ENTRY--PERSONAL NAME
Personal name Singh, S.P.
245 ## - TITLE STATEMENT
Title Industrial Economics and Management /
Statement of responsibility, etc. S.P. Singh
Medium
260 ## - PUBLICATION, DISTRIBUTION, ETC.
Place of publication, distribution, etc. New Delhi :
Name of publisher, distributor, etc. AITBS Publishers,
Date of publication, distribution, etc. 2010.
300 ## - PHYSICAL DESCRIPTION
Extent 390 p. ;
Dimensions 24 cm.
942 ## - ADDED ENTRY ELEMENTS (KOHA)
Source of classification or shelving scheme
Koha item type Book
Holdings
Withdrawn status Lost status Source of classification or shelving scheme Damaged status Not for loan Permanent Location Current Location Shelving location Date acquired Source of acquisition Total Checkouts Full call number Barcode Date last seen Price effective from Koha item type
          Central Library (CL) Central Library (CL) Management Sciences 07/23/2020 Allied Book Company   658.15 SIN CL-392 07/23/2020 07/23/2020 Book
© 2023 Central Library, National University of Sciences and Technology. All Rights Reserved.